Lendas, histórias e contos de Monchique (Registo nº 824)

Detalhes MARC
000 -Etiqueta do registo
Cabeçalho 00960nam0a2200265 4500
005 - Identificador da versão
Campo de controlo 20240813121816.0
010 ## - Número internacional normalizado dos livros (ISBN)
Número (ISBN) 9789729563836
021 ## - Número do Depósito Legal
Código do país PT
Número 274529/08
100 ## - Dados gerais de processamento
Dados gerais de processamento 20160308d2008 m y0pory5003 ba
102 ## - Pais de publicação ou produção
País de publicação Portugal
101 0# - Língua de publicação
Língua do texto, banda sonora, etc. Português
215 ## - Descrição física 
Indicação específica da natureza do documento e extensão da espécie 55 p.
Outras indicações físicas il. color
200 1# - Titulo e menção de responsabilidade
Título próprio Lendas, histórias e contos de Monchique
Primeira menção de responsabilidade recolhidos por alunos da Escola EB 2,3 de Monchique no ano lectivo de 2006-2007
Outras menções de responsabilidade coord. Ana Paula Almeida
210 ## - Publicação, Distribuição, etc. 
Lugar da edição, distribuição, etc. Monchique
Nome do editor, distribuidor, etc. Junta de Freguesia
Data da publicação, distribuição, etc. 2008
606 ## - Nome comum usado como assunto
Número de registo de entrada de autoridade 0002729
Palavra de ordem Literatura portuguesa
Subdivisão de assunto Lendas
-- Conto
Código do sistema CA
675 ## - Classificação Decimal Universal (CDU)
Notação 821.134.3-343
Edição 3ª ed.
Língua da edição por
Notação 821.134.3-34
Edição 3ª ed.
Língua da edição por
711 12 - Nome de colectividade-autor (co-responsabilidade principal)
Número de registo de entrada de autoridade 0002732
Palavra de ordem Alunos da turma B do 8º ano (2006/2007)
Elementos de identificação ou distinção e outro
Código de função Autor / Co-autor
702 #1 - Nome de autor-pessoa física (responsabilidade secundária)
Número de registo de entrada de autoridade 0002730
Palavra de ordem Almeida
Outra parte do nome não tomada para palavra de ordem Ana Paula
Código de função Editor literário / Coordenador
710 12 - Nome de colectividade-autor (responsabilidade principal)
Número de registo de entrada de autoridade 0002731
Palavra de ordem Alunos da turma A do 8º ano (2006/2007)
Elementos de identificação ou distinção e outro
966 ## - Identificação da Biblioteca
Sigla EB2,3ENM
942 ## - Elementos de entrada adicionados (Koha)
Tipo de item no Koha Livro
Exemplares
Situação do levantamento Origin of item (home branch) (coded) Biblioteca de empréstimo Código de barras Cota Circulation type (not for loan) Tipo de documento Nota do exemplar Damaged status
  Biblioteca Escolar Eng. Nuno Mergulhão Biblioteca Escolar Eng. Nuno Mergulhão BENM1531 82LP-34 LEN   Livro Sem mensagem